Statistics for Countries Closest to Mongolia

Click here to take the quiz!

General Stats

  • This quiz has been taken 1,945 times
    (1,937 since last reset)
  • The average score is 18 of 20

Answer Stats

kmcountrymiles% Correct
0Russia0
100%
0China0
99%
770North Korea478
96%
1555Japan966
95%
1102South Korea685
95%
1529India950
94%
1856Nepal1153
91%
1576Pakistan979
89%
1536Tajikistan955
88%
1517Uzbekistan943
88%
39Kazakhstan24
87%
2079Turkmenistan1292
87%
1693Bhutan1052
86%
2027Vietnam1259
85%
2148Laos1335
83%
1576Myanmar979
83%
1598Afghanistan993
82%
2195Taiwan1364
78%
1932Bangladesh1201
76%
920Kyrgyzstan571
75%

Score Distribution

Percentile by Number Answered

Percent of People with Each Score

Your Score History

You have not taken this quiz since the last reset